000 01044nam a2200241Ia 4500
003 Ost
005 20260507075310.0
008 260507s9999||||xx |||||||||||||| ||und||
020 _a2825159977
040 _cfsecg
041 _aara
082 _a330
100 _aالدهراوي، كمال الدين مصطفى
_eمؤلف
245 0 _aنظم المعلومات المحاسبية :
_bفي ظل تكنولوجيا المعلومات /
_c كمال الدين مصطفى الدهراوي
260 _aالاسكندرية:
_bالمكتب الجامعي الحديث,
_c2007
300 _a423 صفحة؛
_bإيضاحات ؛
_c25 سم
520 _aالمفاهيم الاساسية لنظم المعلومات و تشغيل المعلومات في نظام المعلومات المحاسبي ودورة العمليات .
653 _aالمحاسبة
653 _aالمعلومات
653 _aتكنولوجيا المعلومات
653 _aنظم المعلومات- المؤسسة الممتدة
942 _cكتاب
999 _c43851
_d43851